000 00585nam a2200205 i 4500
001 8288
003 ES-MaACL
005 20230906145426.0
007 t|
008 920429s1980 xxk ||||1| eng d
020 _a0-600-30439-6
080 _a523.4
100 1 _aDoherty, Paul.
_945000
245 1 0 _aAtlas of the planets /
_cPaul Doherty ; introduced by Patrick Moore.
260 _aLondon [etc.] :
_bHamlyn,
_ccop. 1980.
300 _a129 p. :
_bil. ;
_c30 cm.
650 1 4 _aPlanetas-
_xAtlas.
_916108
700 1 _aMoore, Patrick.
_982823
852 _aES-MaACL
_jL-15652
_bR.119352
999 _c8288
_d8288